000 00733nam a2200217Ia 4500
005 20241129105811.0
008 241129s9999||||xx |||||||||||||| ||und||
020 _a978-81-94893-08-0
037 _aTB
040 _aARTS
_bpun
_cARTS
041 _apun
_2pun
084 _aR3xM95 153R2
_qARTS
100 _aਜੇ, ਕ੍ਰਸ਼ਿਨਾਮੂਰਤੀ, ਚ
_9726404
245 0 _aਗ਼ਿੰਦਗੀ ਦੇ ਸਵਾਲ
_cਜੇ, ਕ੍ਰਸ਼ਿਨਾਮੂਰਤੀ, ਚ
260 _aਪਟਿਆਲਾ, ਭਾਰਤ
_bਪਟਿਆਲਾ ਆੱਨਮ ਆਰਟ
_c2022
300 _a264ਪ੍ਰ0
365 _aINR
_b350
650 _aPhilosophy
942 _cTB
_hR3xM95 153R2
999 _c1225999
_d1225999